000
00272nam a22001217a 4500
008
170301b xxu||||| |||| 00| 0 eng d
041
_a
eng
080
_a
61
100
_a
6
101
_a
shm
245
_a
THE PHARMACOLOGY OF INHALED ANESTHETICS
_c
EGER, E
942
_2
udc
_c
BK
999
_c
6504
_d
6504